| 000 | 00671nam a2200253Ia 4500 | ||
|---|---|---|---|
| 003 | OSt | ||
| 005 | 20221005073750.0 | ||
| 006 | a|||||r|||| 00| 0 | ||
| 007 | ta | ||
| 008 | 221004b |||||||| |||| 00| 0 eng d | ||
| 024 | _a55439 | ||
| 037 | _cTextual | ||
| 040 |
_aCRL _cCRL _beng |
||
| 041 |
_2eng _aeng |
||
| 082 | _aV273JH.N9, N2 | ||
| 100 |
_aDas Victor _9303016 |
||
| 245 | 0 | _aJharkhand castle over the Graves | |
| 260 |
_aNew Delhi _bInter-India _c1992 |
||
| 300 |
_a222p. _ccm. |
||
| 490 | _aTribal studies of India series,155. | ||
| 650 | _aHISTORY | ||
| 942 |
_hV273JH.N9, N2 _cTEXL _2cc |
||
| 999 |
_c981646 _d981646 |
||